| 000 | 00757cam a2200253 4500 | ||
|---|---|---|---|
| 001 | ABS62085 | ||
| 008 | 000000n2000 000 0 eng u | ||
| 035 | _a(Sirsi) u104805 | ||
| 100 | _aReid, C. | ||
| 245 | _aPoison across the ether | ||
| 260 | _c2000 | ||
| 490 |
_aEstates Gazette _v10(11) 11 March 2000, 164-165(2) |
||
| 520 | _aA case study of the risks of libel faced by serviced offices and the preventative steps which can be taken. | ||
| 590 | _aABS | ||
| 650 | _aLAW | ||
| 650 | _aLIBEL | ||
| 650 | _aLEGAL ACTION | ||
| 650 | _aSERVICED OFFICES | ||
| 650 | _aINTERNET SERVICE PROVIDERS | ||
| 650 | _aDRAFT DIRECTIVE ON ELECTRONIC COMMERCE 1999 | ||
| 650 | _aDEFAMATION | ||
| 690 | _aINFORMATION TECHNOLOGY-INTERNET | ||
| 942 | _n0 | ||
| 999 |
_c62875 _d62875 |
||